Do private pensions increase national savings? (Registro nro. 25857)

Detalles MARC
000 -LEADER
fixed length control field 00340 a2200109 4500
001 - CONTROL NUMBER
control field ART_11811
005 - DATE AND TIME OF LATEST TRANSACTION
control field 20260410161900.0
008 - FIXED-LENGTH DATA ELEMENTS--GENERAL INFORMATION
fixed length control field 260409a
100 1# - MAIN ENTRY--PERSONAL NAME
Personal name Feldstein, Martin
245 10 - TITLE STATEMENT
Title Do private pensions increase national savings?
773 0# - HOST ITEM ENTRY
Title Journal of public economics
Related parts - Vol. 10, Nº 3 (dic. 1978)
Record control number REV11485

No hay ítems disponibles.